[Event "Calvia Veterans op 4th"]
[Site "Calvia"]
[Date "2007.10.22"]
[Round "8"]
[White "Ruiz, Jose Hervas"]
[Black "Campos Calvo, Sotelo Juan"]
[Result "1-0"]
[WhiteElo "2222"]
[BlackElo "1971"]
[PlyCount "85"]
[EventDate "2007.10.15"]
[EventType "swiss"]
[EventRounds "9"]
[EventCountry "ESP"]
[SourceTitle "CBM 120 Extra"]
[Source "ChessBase"]
[SourceDate "2007.11.01"]
[SourceVersion "1"]
[SourceVersionDate "2007.11.01"]
[SourceQuality "1"]

1. d4 b5 2. e4 a6 3. Bd3 e6 4. Nf3 c5 5. c3 Bb7 6. 0-0 Nf6 7. Re1 Be7 8. a4 cxd4 9. cxd4 b4 10. Nbd2 Nc6 11. e5 Nd5 12. Ne4 Qb6 13. Bc2 Na5 14. Bg5 f6 15. exf6 gxf6 16. Bh6 0-0-0 17. Rc1 Kb8 18. Bd3 Rdg8 19. Ned2 f5 20. Nc4 Nxc4 21. Bxc4 Bd6 22. Bd2 Rg7 23. Bf1 Rhg8 24. Qe2 h5 25. Kh1 h4 26. h3 Bf4 27. Bxf4+ Ka7 28. Be5 Rg6 29. Red1 d6 30. Bh2 f4 31. Nxh4 Rf6 32. Nf3 Rfg6 33. Ne1 Qd8 34. f3 Ne3 35. Bxf4 Nxd1 36. Qxd1 Qf8 37. Bh2 R8g7 38. d5 Bxd5 39. Qd4+ Ka8 40. Qb6 Ra7 41. Bxd6 Qg8 42. Bxa6 Rb7 43. Bxb7+ 1-0

[Event "Calvia Veterans op 4th"]
[Site "Calvia"]
[Date "2007.10.18"]
[Round "4"]
[White "Ruiz, Jose Hervas"]
[Black "Hostalet Ferrer, Pedro Enrique"]
[Result "1/2-1/2"]
[WhiteElo "2222"]
[BlackElo "2092"]
[PlyCount "67"]
[EventDate "2007.10.15"]
[EventType "swiss"]
[EventRounds "9"]
[EventCountry "ESP"]
[SourceTitle "CBM 120 Extra"]
[Source "ChessBase"]
[SourceDate "2007.11.01"]
[SourceVersion "1"]
[SourceVersionDate "2007.11.01"]
[SourceQuality "1"]

1. d4 Nf6 2. c4 Nc6 3. d5 Ne5 4. Qd4 d6 5. f4 c5 6. Qc3 Ned7 7. Qc2 g6 8. e4 Bg7 9. Nf3 0-0 10. Be2 a6 11. a4 Re8 12. 0-0 e6 13. Nc3 exd5 14. cxd5 Qc7 15. Nd2 Rb8 16. Kh1 c4 17. a5 b5 18. axb6 Nxb6 19. Nf3 Qc5 20. h3 Nh5 21. Kh2 f5 22. e5 dxe5 23. fxe5 Rxe5 24. Rd1 Qd6 25. g3 Nxg3 26. Bf4 Nh5 27. Bxe5 Bxe5+ 28. Nxe5 Qxe5+ 29. Kh1 Nf6 30. Bf3 Bb7 31. Qg2 Rd8 32. Re1 Qf4 33. Rad1 Rd6 34. Re7 1/2-1/2

[Event "Geneve op 17th"]
[Site "Geneve"]
[Date "2001.01.25"]
[Round "6"]
[White "Simon, Laurent"]
[Black "Ruiz, Jose Hervas"]
[Result "1-0"]
[WhiteElo "2098"]
[BlackElo "2258"]
[PlyCount "24"]
[EventDate "2001.01.20"]
[EventType "swiss"]
[EventRounds "9"]
[EventCountry "SUI"]
[SourceTitle "EXT 2002"]
[Source "ChessBase"]
[SourceDate "2001.11.25"]
[SourceVersion "1"]
[SourceVersionDate "2001.11.25"]
[SourceQuality "1"]

1. e4 c5 2. Nc3 Nc6 3. f4 g6 4. Nf3 Bg7 5. Bc4 a6 6. a4 e6 7. f5 Nge7 8. fxe6 fxe6 9. d3 d5 10. Bb3 0-0 11. 0-0 Qd6 12. Kh1 Bd7 1-0

[Event "Santiago op"]
[Site "Santiago de Compostela"]
[Date "1995.??.??"]
[Round "?"]
[White "Ruiz, Jose Hervas"]
[Black "Reinaldo Castineira, Roi"]
[Result "0-1"]
[WhiteElo "2250"]
[BlackElo "2205"]
[PlyCount "122"]
[EventDate "1995.??.??"]
[EventType "swiss"]
[EventRounds "9"]
[EventCountry "ESP"]
[SourceTitle "EXT 1998"]
[Source "ChessBase"]
[SourceDate "1997.11.17"]
[SourceVersion "1"]
[SourceVersionDate "1997.11.17"]
[SourceQuality "1"]

1. e4 c5 2. Nf3 Nc6 3. Bb5 d6 4. d4 cxd4 5. Qxd4 Bd7 6. Bxc6 Bxc6 7. Nc3 Nf6 8. Bg5 e6 9. 0-0-0 Be7 10. Rhe1 0-0 11. e5 dxe5 12. Qh4 Qc7 13. Nxe5 Rfd8 14. Ng4 Nxg4 15. Bxe7 Rxd1+ 16. Rxd1 Qf4+ 17. Kb1 Qf5 18. f3 Ne3 19. Rd2 Nd5 20. Nxd5 Bxd5 21. Qd4 h6 22. b3 b5 23. Kb2 a5 24. h4 Rc8 25. a4 b4 26. Bd6 Rc6 27. Be5 f6 28. Bg3 Qg6 29. Bh2 Qf7 30. Qd3 Qa7 31. Qd4 Qa6 32. Qd3 Qb6 33. Qd4 Qb7 34. Bg1 Qc7 35. f4 f5 36. Qe5 Qxe5+ 37. fxe5 Kf7 38. h5 g6 39. hxg6+ Kxg6 40. Bd4 f4 41. Rf2 Kg5 42. c4 bxc3+ 43. Bxc3 Rb6 44. b4 axb4 45. Bd2 Kf5 46. Bxf4 Ra6 47. Bd2+ Kxe5 48. Bxb4 Rxa4 49. Bc3+ Kd6 50. Rf6 h5 51. Rh6 Rh4 52. g3 Rh2+ 53. Kc1 Bf3 54. Rf6 Bg4 55. Rf1 Rg2 56. Re1 Kd5 57. Be5 Be2 58. Bf4 e5 59. Bxe5 Kxe5 60. Kd2 Ke4 61. Rxe2+ Kf3 0-1